00778pam a2200229 i 4500020001700000020001400017082001200031100001100043245002400054250001200078260003700090300002700127490003600154500013000190500002000320650002400340700002100364700003100385942000700416999001300423952011200436 a0070501157 : a07066476500a547 ORG aPine.S00aOrganic chemistry / a4th ed. aNew York :bMcGraw-Hill,cc1980. axiv, 1039 p. :bill. ;0 aMcGraw-Hill series in chemistry aThird ed. by J. B. Hendrickson, D. J. Cram, and G. S. Hammond published in 1970 and entered under: Hendrickson, James Briggs. aIncludes index. 0aChemistry, Organic.1 aPine, Stanley H.1 aHendrickson, James Briggs, cBK c238d238 0010708NFICaICbICcGENd2015-02-23l1o547 ORGp004196r2022-11-17 00:00:00s2016-02-21w2015-02-23yBK